Changes in cyanogenic glucoside content in seeds and seedlings of Hevea species (Record no. 55312)

MARC details
000 -LEADER
fixed length control field 00372nam a2200133Ia 4500
100 ## - MAIN ENTRY--AUTHOR NAME
Personal name Selmar D
245 #0 - TITLE STATEMENT
Title Changes in cyanogenic glucoside content in seeds and seedlings of Hevea species
260 ## - PUBLICATION, DISTRIBUTION, ETC. (IMPRINT)
Name of publisher Phytochemistry
Year of publication 1991
300 ## - PHYSICAL DESCRIPTION
Number of Pages 2135-2140
500 ## - GENERAL NOTE
General note Source Year: 1992
856 ## - ELECTRONIC LOCATION AND ACCESS
Uniform Resource Identifier HOA
942 ## - ADDED ENTRY ELEMENTS (KOHA)
Koha item type Journals
Holdings
Withdrawn status Lost status Damaged status Not for loan Home library Current library Date acquired Serial Enumeration / chronology Koha item type
      Journals RRII Library RRII Library 17/12/2021 Volume 30, Issue 7 Journals